000 01329nam a2200325 i 4500
003 EG-GICUC
005 20260129144842.0
008 260129s1998 ua a|||f |||| 00| 0 ara d
040 _a EG-GICUC
_bara
_c EG-GICUC
_d EG-GICUC
_erda
041 1 _aara
043 _aua#
082 0 4 _221
_a341.76
_bم ص . أ
092 0 4 _221
099 _aLaw1 11 341.76 م ص . أ 1998
100 0 _aمصطفى أحمد فؤاد
_eمؤلف.
245 1 2 _aالأماكن الدينية المقدسة فى منظور القانون الدولى :
_bدراسة تطبيقية للإنتهاكات الإنتهاكات الإسرائيلية بالأماكن المقدسة فى فلسطين /
_cمصطفى أحمد فؤاد
264 _a[طنطا] :
_b[د . ن]،
_c1998.
300 _a234 صفحة
_c24 سم
336 _2rda content
_atext
337 _2rda media
_aComputer
338 _2rda carrier
_aOnline Resource
500 _aيشتمل على إرجاعات ببليوجرافية
504 _a. 240-220 ببليوجرافيا: صفحات.
650 1 _aالعلاقات الدولية الثقافية
_2qrmak
650 1 _aالمقدسات الدينية-القانون الدولى
651 1 _2qrmak
856 4 0 _uhttps://fll.law.cu.edu.eg/fulltext/bks/B11-05326.pdf
905 _a15
942 _2ddc
_cBK
_e21
_n0
999 _c60049
_d60049